FIFA FIFPro World XI 2013 - Statistics

Statistiche generali
  • Questo quiz è stato fatto 10 volte
  • Il punteggio medio è 10 su 11
Statistiche sulle risposte
Ruolo Nazione Squadra Calciatore % Corretto
Portiere Germania Bayern Monaco Manuel Neuer
100%
Difensore Spagna Real Madrid Sergio Ramos
100%
Centrocampista Spagna Barcellona Andrés Iniesta
88%
Attaccante Portogallo Ba Real Madrid Cristiano Ronaldo
88%
Attaccante Argentina Barcellona Lionel Messi
88%
Difensore Germania Bayern Monaco Philipp Lahm
88%
Difensore Brasile Paris Saint-Germain Thiago Silva
88%
Centrocampista Spagna Barcellona Xavi
88%
Attaccante Svezia Paris Saint-Germain Zlatan Ibrahimović
88%
Difensore Brasile Barcellona Daniel Alves
75%
Centrocampista Francia Bayern Monaco Franck Ribéry
63%
Nessun quiz corrispondente trovato
Distribuzione punteggi
Percentuale di utenti per punteggio
Percentile per numero di risposta
I tuoi punteggi nel tempo
Non hai fatto questo quiz